000 00638nam a2200169 i 4500
001 49339
003 ES-MaACL
005 20230906161929.0
007 t|
008 030714s1884 sp ||||1| spa d
100 1 _aCortezo, Carlos María.
_940920
245 1 0 _aEstudio acerca del cólera morbo asiático
_b: seguido de algunas instrucciones familiares relativas a su preservación /
_cCarlos María Cortezo.
260 _aMadrid :
_b[s.n.],
_c1884 (
_fEnrique Teodoro)
300 _a56 p. ;
_c25 cm.
650 _aCólera-
_xPrevención.
_9139264
852 _aES-MaACL
_jT-857-F-1
_z.- Enc. en un vol. facticio conservando la enc. original
999 _c49339
_d49339